Länder mit den meisten Flugpassagieren - Statistiken

Allgemein
  • Dieses Quiz wurde 170 mal gespielt
  • Das Durchschnittsergebnis liegt bei 24 aus 30
Antwortstatistiken
Platz Land Anzahl % Korrekt
2. China 659,6 Mio.
99%
9. Deutschland 109,6 Mio.
99%
1. Vereinigte Staaten 926,7 Mio.
99%
18. Frankreich 71,3 Mio.
98%
7. Russland 115,5 Mio.
98%
10. Brasilien 102,9 Mio.
97%
6. Japan 130,2 Mio.
96%
15. Spanien 88,2 Mio.
96%
17. Australien 76,9 Mio.
95%
11. Kanada 93,4 Mio.
95%
19. Mexiko 69,9 Mio.
95%
5. Vereinigtes Königreich 132,4 Mio.
95%
4. Indien 167,5 Mio.
94%
14. Indonesien 91,3 Mio.
88%
8. Türkei 111 Mio.
88%
13. Südkorea 92,4 Mio.
82%
16. Thailand 78,2 Mio.
79%
27. Saudi-Arabien 39,4 Mio.
77%
24. Niederlande 46,4 Mio.
76%
12. Vereinigte Arabische Emirate 92,8 Mio.
74%
23. Österreich 46,5 Mio.
69%
30. Schweiz 30,3 Mio.
69%
21. Vietnam 53,2 Mio.
64%
22. Philippinen 47,8 Mio.
63%
20. Malaysia 63,6 Mio.
61%
28. Kolumbien 37 Mio.
59%
25. Singapur 43,1 Mio.
59%
3. Irland 170,2 Mio.
58%
29. Katar 33 Mio.
54%
26. Ungarn 39,8 Mio.
34%
Keine übereinstimmenden Quizze gefunden
Verteilung der Resultate
Anzahl Personen mit jedem Resultat
Perzentil nach korrekt beantworteten Fragen
Ihre Resultats-Entwicklung
Sie haben dieses Quiz noch nicht gespielt